Central Library OPAC University of Rajshahi

বঙ্গবন্ধুর স্বদেশ প্রত্যাবর্তন ও শাসন ১৯৭২-১৯৭৫ / (Record no. 75158)

MARC details
000 -LEADER
fixed length control field 01146nam a2200253 a 4500
001 - CONTROL NUMBER
control field 75158
003 - CONTROL NUMBER IDENTIFIER
rucl marc code BD-RjUL
005 - DATE AND TIME OF LATEST TRANSACTION
control field 20211209082644.0
008 - FIXED-LENGTH DATA ELEMENTS--GENERAL INFORMATION
fixed length control field 190127s2018 bg a|||| b||| 00| 0 ben d
020 ## - INTERNATIONAL STANDARD BOOK NUMBER
International Standard Book Number 9789849303176
Terms of availability : Tk. 175.00
035 ## - SYSTEM CONTROL NUMBER
System control number (BD-RjUL)75376
040 ## - CATALOGING SOURCE
Original cataloging agency BD-RjUL
Language of cataloging ben
Transcribing agency BD-RjUL
Modifying agency BD-RjUL
Description conventions BD-RjUL
041 ## - LANGUAGE CODE
Language code of text/sound track or separate title ben
082 ## - DEWEY DECIMAL CLASSIFICATION NUMBER
Edition number 23
Classification number 954.9204
Author mark and year HOB 2018
100 1# - MAIN ENTRY--PERSONAL NAME
Personal name হোসেন, মোহাম্মদ আখতার
9 (RLIN) 227412
245 1# - TITLE STATEMENT
Title বঙ্গবন্ধুর স্বদেশ প্রত্যাবর্তন ও শাসন ১৯৭২-১৯৭৫ /
Statement of responsibility, etc. মোহাম্মদ আখতার হোসেন
260 ## - PUBLICATION, DISTRIBUTION, ETC. (IMPRINT)
Place of publication, distribution, etc. ঢাকা :
Name of publisher, distributor, etc. প্রত্যাশা প্রকাশনী,
Date of publication, distribution, etc. ২০১৮
300 ## - PHYSICAL DESCRIPTION
Pagination ১১১ পৃ. :
Illustrations চিত্র ;
Size ২২ সেমি.
500 ## - GENERAL NOTE
General note Bangobandhur Swadesh Protyabartan o Shasankal 1972-1975
504 ## - BIBLIOGRAPHY, ETC. NOTE
Bibliography, etc গ্রন্থপঞ্জী সংযুক্ত।
600 ## - SUBJECT ADDED ENTRY--PERSONAL NAME
Personal name Mujibur Rahman, Shaikh,
Chronological subdivision 1975.
Personal name মুজিবুর রহমান, শেখ,
Chronological subdivision ১৯৭৫
942 ## - ADDED ENTRY ELEMENTS (KOHA)
Source of classification or shelving scheme Dewey Decimal Classification
Koha item type Books
Holdings
Lost status Source of classification or shelving scheme Damaged status Not for loan Collection code Permanent Location Current Location Shelving location Date acquired Source of acquisition Cost, normal purchase price Total Checkouts Full call number Date last seen Copy number Koha item type Date checked out
  Dewey Decimal Classification   Not For Loan Non-fiction Central Library, University of Rajshahi Central Library, University of Rajshahi Reading Room 08/08/2018 Author 175.00   B 954.9204 HOB 2018 27/01/2019 C-1 Books  
  Dewey Decimal Classification     Non-fiction Central Library, University of Rajshahi Central Library, University of Rajshahi   08/08/2018 Author 175.00 2 B 954.9204 HOB 2018 24/06/2019 C-2 Books 05/05/2019